000 01121nmc a2200361 a 4500
003 AR-BaBNM
005 20251128203922.0
008 175119s1991 ||||||||||||||000 | spa||
020 _a950-755-012-7
040 _cAR-BaBNM
110 2 _aInstituto de Apoyo y Perfeccionamiento Educativo [Argentina]
245 1 0 _aActos escolares con participación comunitaria
260 _aBuenos Aires
_bBraga
_c1991
300 0 _a126 p.
_bil.
490 0 _aDidáctica operativa
_vv. 21
504 _aBibliografía en p. 123
650 4 _aPARTICIPACION DE LA COMUNIDAD
650 4 _aSIMBOLOS NACIONALES ARGENTINOS
650 4 _aRELACION ESCUELA-COMUNIDAD
650 4 _aPROGRAMAS ESCUELA-COMUNIDAD
653 0 _aACTOS ESCOLARES
653 0 _aCOMUNIDAD EDUCATIVA
653 0 _aINTERACCION EDUCATIVA
700 1 _aLosada, Susana Margarita
700 1 _aMedina, Ramón Enrique
700 1 _aMendonça, Beatriz
700 1 _aPellegrino, Amalia
700 1 _aSarto, María Teresa
700 1 _aPérez Alvarez, Sergio
_ecoordinador
800 1 _aPérez Alvarez, Sergio
_edirector
942 _cBK
998 _ccARMEN
999 _c5466
_d5466